Classes par cycle - Statistiques

Statistiques générales
  • Ce quiz a été pris 41 fois
  • Le résultat moyen est 30 sur 36
Statistiques - réponses
Question Tuile Select % Correct
Cycle 3 Première Non
94%
Cycle 3 Seconde Non
94%
Cycle 3 Terminale Non
94%
Cycle Terminal Terminale Oui
94%
Cycle 4 CM1 Non
92%
Cycle 4 CM2 Non
92%
Cycle Seconde Cinquième Non
89%
Cycle Terminal Cinquième Non
89%
Cycle Terminal CM1 Non
89%
Cycle Terminal CM2 Non
89%
Cycle Terminal Quatrième Non
89%
Cycle Terminal Sixième Non
89%
Cycle Terminal Troisième Non
89%
Cycle Seconde Quatrième Non
86%
Cycle Seconde Sixième Non
86%
Cycle 4 Terminale Non
86%
Cycle Seconde Terminale Non
86%
Cycle 4 Première Non
83%
Cycle 4 Seconde Non
83%
Cycle Seconde Seconde Oui
81%
Cycle Terminal Seconde Non
81%
Cycle 4 Troisième Oui
81%
Cycle 4 Cinquième Oui
78%
Cycle 3 CM1 Oui
78%
Cycle Seconde CM1 Non
78%
Cycle Seconde CM2 Non
78%
Cycle 4 Quatrième Oui
78%
Cycle 3 Sixième Oui
78%
Cycle 4 Sixième Non
78%
Cycle 3 Troisième Non
78%
Cycle Seconde Troisième Non
78%
Cycle 3 Cinquième Non
75%
Cycle 3 CM2 Oui
75%
Cycle Seconde Première Non
75%
Cycle 3 Quatrième Non
75%
Cycle Terminal Première Oui
61%
Aucun quiz correspondant
Distribution des résultats
% des personnes avec chaque résultat
Percentile par nombre de réponses
Votre historique - résultats
Vous n’avez pas pris ce quiz